Представление документа в формате RUSMARC

ПолеНазваниеЗначение
  Тип записи a
  Библиографический уровень a
001 Контрольный номер RU/IS/BASE/414665371
005 Дата корректировки 20250124012514.6
100 Данные общей обработки __
a Данные общей обработки 20130220d2013 ||| 0rusy0189 ca
101 Язык документа __
a Язык текста rus
102 Страна публикации __
a Страна публикации RU
105 Кодированные данные (монография) __
a Кодированные данные (монография) y###||||000|y
200 Заглавие и сведения об ответственности 1_
a Заглавие Игра "Поле чудес": тема "Прощание с Азбукой"
b Общее обозначение материала Текст
f Первые сведения об ответственности И. Красавцева
210 Выходные данные __
d Дата издания 2013
461 Уровень набора _0
1 2000
a Педсовет
463 Уровень физической единицы _0
1 001RU/IS/BASE/414665296
1 2000
a №1
v С. 20
1 210
d 2013
686 Индексы других классификаций __
a Классификационный индекс 81
2 Код системы ББК
700 Автор _1
a Фамилия Красавцева
b Имя (инициалы) И.
801 Источник записи _0
a Страна RU
b Организация МБУК ЦБС г. Ульяновска
c Дата составления 20130220
g Правила каталогизации RCR
801 Источник записи _1
a Страна RU
b Организация IS
c Дата составления 20130220
g Правила каталогизации RCR
901 Тип документа __
t Тип документа f
w Контрольный № источника RU/IS/BASE/414665296
938 Служебная информация __
a Имя БД period